| 000 | 00643nam a2200181Ia 4500 | ||
|---|---|---|---|
| 008 | 151202s9999||||xx |||||||||||||| ||und|| | ||
| 082 | _bPNVM-58337 | ||
| 100 | _aकाशिकर एस्.एम्. | ||
| 245 | _aम्हातारा एक कोटीचा. | ||
| 260 | _b"श्रदा प्रकाशन,पुणे." | ||
| 260 | _c1992 | ||
| 300 | _a198 | ||
| 600 | _aकाशिकर एस्.एम्. | ||
| 630 | _aम्हातारा एक कोटीचा. | ||
| 700 | _aकाशिकर एस्.एम्. | ||
| 730 | _aम्हातारा एक कोटीचा. | ||
| 942 | _cBOOK | ||
| 999 |
_c1324872 _d1324869 |
||